[Event "Catalunya-chT Gp2"]
[Site "Barcelona"]
[Date "2015.02.28"]
[Round "6.1"]
[White "Jareno Badenas, Aleix"]
[Black "Molina Wheatley, Emilio"]
[Result "1-0"]
[WhiteElo "2051"]
[BlackElo "1314"]
[PlyCount "57"]
[EventDate "2015.01.24"]
[EventType "team-tourn"]
[EventRounds "7"]
[EventCountry "ESP"]
[SourceTitle "EXT 2016"]
[Source "ChessBase"]
[SourceDate "2015.10.08"]
[SourceVersion "1"]
[SourceVersionDate "2015.10.08"]
[SourceQuality "1"]
[WhiteTeam "Colon Sabadell"]
[BlackTeam "Sitges"]
[WhiteTeamCountry "ESP"]
[BlackTeamCountry "ESP"]

1. Nf3 d5 2. g3 Nf6 3. Bg2 Bf5 4. 0-0 e6 5. d3 Be7 6. Nbd2 c6 7. Qe1 Nbd7 8. e4 dxe4 9. dxe4 Bg6 10. Qe2 Qc7 11. Ne1 Bh5 12. f3 Bc5+ 13. Kh1 Ne5 14. Nc4 Nxc4 15. Qxc4 Qb6 16. Nd3 Nd7 17. Nxc5 Qxc5 18. Qb3 Qb6 19. Qc3 f6 20. Be3 Qb5 21. a4 Qe5 22. Qb3 Nc5 23. Qc4 Nd7 24. Bf4 Qc5 25. Qxe6+ Qe7 26. Qxe7+ Kxe7 27. Rad1 Rad8 28. Bd6+ Ke6 29. Bh3+ 1-0

[Event "Catalunya-chT Gp2"]
[Site "Barcelona"]
[Date "2015.01.31"]
[Round "2.4"]
[White "Palomares Fite, Jordi"]
[Black "Molina Wheatley, Emilio"]
[Result "1/2-1/2"]
[WhiteElo "1928"]
[BlackElo "1314"]
[PlyCount "113"]
[EventDate "2015.01.24"]
[EventType "team-tourn"]
[EventRounds "7"]
[EventCountry "ESP"]
[SourceTitle "CBM 164 Extra"]
[Source "ChessBase"]
[SourceDate "2015.03.02"]
[SourceVersion "1"]
[SourceVersionDate "2015.03.02"]
[SourceQuality "1"]
[WhiteTeam "Barcelona Escola Escacs"]
[BlackTeam "Sitges"]
[WhiteTeamCountry "ESP"]
[BlackTeamCountry "ESP"]

1. e4 c6 2. d4 d5 3. exd5 cxd5 4. Bd3 Nc6 5. c3 Nf6 6. Bf4 Bg4 7. Qb3 Na5 8. Qc2 e6 9. Nd2 Bd6 10. Bxd6 Qxd6 11. Ngf3 Nc6 12. 0-0 0-0 13. Rfe1 Ne7 14. Ne5 Bf5 15. Re3 Nd7 16. Rae1 Nxe5 17. Rxe5 Bxd3 18. Qxd3 Nf5 19. Nf1 Qb6 20. R1e2 Qa5 21. a3 Rac8 22. Ng3 Nxg3 23. Qxg3 Qb5 24. h4 Qb3 25. h5 Qd1+ 26. Kh2 Qc1 27. R2e3 Qc2 28. h6 Qg6 29. hxg7 Qxg3+ 30. Rxg3 Rfe8 31. Rh5 Rc6 32. Rgh3 Kxg7 33. Rxh7+ Kf8 34. Rf3 Re7 35. Rh8+ Kg7 36. Ra8 a6 37. Rb8 Rb6 38. b4 f5 39. Kg3 Kf6 40. Kf4 Rg7 41. Rg3 Rxg3 42. Kxg3 Rc6 43. Rxb7 Rxc3+ 44. f3 Rxa3 45. Ra7 Ra4 46. Ra8 Rxb4 47. Rxa6 Rxd4 48. Ra8 Rc4 49. Re8 d4 50. f4 Rc3+ 51. Kf2 Rc2+ 52. Kf3 Rc3+ 53. Kf2 Re3 54. Rd8 e5 55. Rd6+ Ke7 56. fxe5 Rxe5 57. Rxd4 1/2-1/2